MARC

LEADER 00000nam0a2200000 4500
001 358415
005 20231102011106.0
035 |a (RuTPU)RU\TPU\retro\15683 
090 |a 358415 
100 |a 20200817d1976 km y0rusy50 ca 
101 0 |a eng 
102 |a RU 
105 |a a z 001zy 
200 1 |a Wave Mechanics for Engineers  |f J. N. Anno 
210 |a Toronto  |a London  |c Lexington Books  |d 1976 
215 |a 79 p.  |c il. 
320 |a Bibliography: p. 75 
320 |a Index: p. 77-78 
606 1 |a Волновая механика  |2 stltpush  |3 (RuTPU)RU\TPU\subj\3523  |9 31925 
610 1 |a квантовая механика 
610 1 |a механические волны 
610 1 |a электромагнитные волны 
610 1 |a колебания 
610 1 |a энергия 
610 1 |a материя 
610 1 |a потенциальные барьеры 
610 1 |a гармонический осциллятор 
610 1 |a центральная сила 
610 1 |a задачи 
610 1 |a проблемы 
610 1 |a функции 
610 1 |a применение 
610 1 |a английский язык 
675 |a 530.145.6  |v 4 
700 1 |a Anno  |b J. N. 
801 1 |a RU  |b 63413507  |c 20200817 
801 2 |a RU  |b 63413507  |c 20230623  |g RCR 
942 |c BK